| 000 | 00634nam a22001817a 4500 | ||
|---|---|---|---|
| 005 | 20251108165202.0 | ||
| 008 | 250721s1993 xx 000 0 ara d | ||
| 082 | 1 | 4 | _a956/إسم |
| 100 | 1 | _aالعمايره، إسماعيل أحمد | |
| 245 | 1 | 0 |
_aالمستشرقون و تاريخ صلتهم بالعربية : _bبجث في الجذور التاريخية للظاهرة الإستشراقيه / |
| 250 | _aط2 | ||
| 264 | 1 |
_aعمان : _bدار حنين، _c1993. |
|
| 300 | _a79ص | ||
| 490 | 0 | _aدراسات لغويه ؛7 | |
| 650 | 1 | 7 | _aالإستشراق و المستشرقون |
| 942 |
_2ddc _cBK |
||
| 999 |
_c21590 _d21590 |
||